North American Cities - Sudden Death - Statistics

General Stats
  • This quiz has been taken 919 times
  • The average score is 11 of 15
Answers on the Grid
Answers color-coded by a green-red scale on the quiz's grid according to % correct below.
New York
Vancouver
New Brandenburg
Canberra
Cardiff
Buffalo
Tegucigalpa
Manaus
Managua
Edmonton
Douala
Lagos
Belmopan
Havana
Portland
Kolkata
Casablanca
San Jose
Kingston
Freetown
Nassau
Port-au-Prince
Santo Domingo
Caracas
Sucre
Monterrey
 
Answer Stats
Answer % Correct
New York
98%
Vancouver
93%
Buffalo
85%
Portland
81%
Havana
79%
San Jose
79%
Edmonton
76%
Kingston
71%
Port-au-Prince
67%
Monterrey
64%
Santo Domingo
63%
Nassau
62%
Tegucigalpa
55%
Belmopan
51%
Managua
51%
No matching quizzes found
Score Distribution
Percent of People with Each Score
Percentile by Number Answered
Your Score History
You have not taken this quiz